Diseño preliminar geotécnico de presa de enrocado con cara de concreto en el río Grande de Tárcoles
Сохранить в:
| Главный автор: | |
|---|---|
| Формат: | |
| Опубликовано: |
[San José], Costa Rica
2010
|
| Предметы: | |
| Метки: |
Добавить метку
Нет меток, Требуется 1-ая метка записи!
|
MARC
| LEADER | 00000nam a2200000Ia 4500 | ||
|---|---|---|---|
| 003 | 001552 | ||
| 005 | 20221231144041.0 | ||
| 008 | 140114s2010 cr ab 000 ||s d | ||
| 040 | |c cru CEDI | ||
| 090 | |a TFG 6066 | ||
| 100 | |a Retana Barboza, Juan Pablo |9 3297 | ||
| 245 | |a Diseño preliminar geotécnico de presa de enrocado con cara de concreto en el río Grande de Tárcoles | ||
| 260 | |c 2010 |b [San José], Costa Rica | ||
| 500 | |a Tesis (licenciatura en ingeniería civil)--Universidad de Costa Rica. Facultad de Ingeniería. Escuela de Ingeniería Civil | ||
| 650 | |x REPRESAS DE GRAVEDAD |x RIO GRANDE DE TARCOLES (COSTA RICA) |x REPRESAS |x DISEÑO Y CONSTRUCCION |x MUROS DE CONTENCION |x TALUDES (MECANICA DE SUELOS) |x LOSAS DE HORMIGON |9 3298 | ||
| 942 | |c TFG | ||
| 999 | |c 16149 |d 16149 | ||
